[Event "Asia Nations online Cup"]
[Site "Chess.com INT"]
[Date "2020.10.18"]
[Round "8.9"]
[White "Karimov, Alisher"]
[Black "Kanz, Ahmad Safy"]
[Result "1/2-1/2"]
[WhiteElo "2222"]
[BlackElo "1982"]
[PlyCount "189"]
[EventDate "2020.10.10"]
[EventType "team-swiss (rapid)"]
[EventRounds "9"]
[EventCountry "IND"]
[SourceTitle "CBM 198 Extra"]
[Source "ChessBase"]
[SourceDate "2020.11.30"]
[SourceVersion "1"]
[SourceVersionDate "2020.11.30"]
[SourceQuality "1"]
[WhiteTeam "Tajikistan"]
[BlackTeam "Afghanistan"]
[WhiteTeamCountry "TJK"]
[BlackTeamCountry "AFG"]

1. d4 d5 2. c4 e6 3. Nc3 c5 4. e3 Nf6 5. Nf3 Nc6 6. Be2 Be7 7. 0-0 0-0 8. cxd5 exd5 9. b3 Ne4 10. Bb2 Bf6 11. Na4 cxd4 12. Nxd4 Nxd4 13. Bxd4 Be6 14. Rc1 Qa5 15. Bxf6 Nxf6 16. Rc5 Qd8 17. Qd4 b6 18. Rcc1 Rc8 19. Qe5 Qe7 20. Qb2 Ne4 21. Bd3 h5 22. Qe5 Nf6 23. Bc2 g6 24. Bd3 Ng4 25. Qf4 Qf6 26. Qxf6 Nxf6 27. Nc3 Bd7 28. Ne2 Rxc1 29. Rxc1 Rc8 30. Rxc8+ Bxc8 31. Nf4 Kf8 32. Be2 Ke7 33. Bf3 Kd6 34. Kf1 Kc5 35. Nd3+ Kd6 36. Nf4 Ba6+ 37. Ke1 Kc5 38. Kd2 d4 39. e4 Kd6 40. Nh3 Nd7 41. Be2 Bb7 42. f3 Ne5 43. Nf2 g5 44. g3 f6 45. f4 gxf4 46. gxf4 Ng6 47. Bf3 Ba6 48. Bxh5 Nxf4 49. Bf3 Bf1 50. h4 Ke7 51. Bg4 Kf7 52. Bf5 Kg7 53. Ng4 Be2 54. Nf2 Bf1 55. Bg4 a5 56. Bf3 Ba6 57. Bg4 Bf1 58. Bf3 Bb5 59. Nd1 Kh6 60. Nf2 Bd7 61. Nd3 Ng6 62. h5 Ne5 63. Bd1 Bc6 64. Nf2 Be8 65. Ng4+ Kg5 66. h6 Bg6 67. Nf2 Kxh6 68. a3 Kg5 69. Bc2 Kf4 70. Ke2 Bh5+ 71. Kd2 Bg4 72. Bd3 Kg3 73. Nxg4 Kxg4 74. Bb1 Kf3 75. b4 Kf4 76. bxa5 bxa5 77. Ke2 Nd7 78. Kd3 Ke5 79. Kc4 Nf8 80. Kb5 Ne6 81. Kxa5 Kd6 82. Kb5 Nc5 83. Kc4 Ne6 84. Ba2 Ke5 85. Bb1 Kd6 86. a4 Kc6 87. a5 Kb7 88. Kd5 Ng5 89. Bd3 Ka7 90. Kxd4 Nf3+ 91. Kd5 Ng5 92. Kd6 Nxe4+ 93. Bxe4 Ka6 94. Ke6 Kxa5 95. Kxf6 1/2-1/2

[Event "Dhaka Saarc op"]
[Site "Dhaka"]
[Date "2019.12.01"]
[Round "7"]
[White "Md Abzid, Rahman"]
[Black "Kanz, Ahmad Safy"]
[Result "1-0"]
[WhiteElo "1877"]
[BlackElo "2001"]
[PlyCount "73"]
[EventDate "2019.11.25"]
[EventType "swiss"]
[EventRounds "9"]
[EventCountry "BAN"]
[SourceTitle "CBM 193 Extra"]
[Source "ChessBase"]
[SourceDate "2020.01.31"]
[SourceVersion "1"]
[SourceVersionDate "2020.01.31"]
[SourceQuality "1"]

1. d4 Nf6 2. c4 e6 3. Nc3 Bb4 4. Qc2 c5 5. e3 cxd4 6. exd4 Nc6 7. Nf3 d5 8. a3 Bxc3+ 9. bxc3 Ne4 10. Bd3 f5 11. 0-0 0-0 12. Bb2 b6 13. cxd5 exd5 14. c4 Ba6 15. c5 Bxd3 16. Qxd3 Rf6 17. Rac1 Rb8 18. Ba1 b5 19. Ne5 Na5 20. f3 Ng5 21. c6 Nc4 22. Nd7 Rc8 23. Nxf6+ Qxf6 24. Rfe1 Ne6 25. Qb3 a6 26. Rxc4 dxc4 27. Qe3 Nc7 28. d5 Nxd5 29. Qa7 c3 30. Qd7 Qd8 31. Bxc3 Nxc3 32. Re7 Qf8 33. Rxg7+ Kh8 34. Rxh7+ Kg8 35. Re7 Kh8 36. Qd4+ Kg8 37. Qh4 1-0

[Event "Dhaka Saarc op"]
[Site "Dhaka"]
[Date "2019.11.29"]
[Round "5"]
[White "Ahmed, Sk Nasir"]
[Black "Kanz, Ahmad Safy"]
[Result "1-0"]
[WhiteElo "2186"]
[BlackElo "2001"]
[PlyCount "61"]
[EventDate "2019.11.25"]
[EventType "swiss"]
[EventRounds "9"]
[EventCountry "BAN"]
[SourceTitle "CBM 193 Extra"]
[Source "ChessBase"]
[SourceDate "2020.01.31"]
[SourceVersion "1"]
[SourceVersionDate "2020.01.31"]
[SourceQuality "1"]

1. c4 Nf6 2. g3 e6 3. Bg2 d5 4. Nf3 Be7 5. 0-0 0-0 6. b3 c5 7. cxd5 Nxd5 8. Bb2 Nc6 9. d4 cxd4 10. Nxd4 Nxd4 11. Bxd4 b6 12. Qc1 Ba6 13. Qb2 f6 14. Rd1 Rc8 15. Na3 Qd6 16. Nc4 Bxc4 17. bxc4 Rxc4 18. e4 Nc7 19. Be3 Qb4 20. Qe2 e5 21. Rd7 Rf7 22. Qd1 Bf8 23. Bf1 Rxe4 24. Rxf7 Kxf7 25. Bd3 Rxe3 26. Qh5+ Ke7 27. fxe3 e4 28. Rc1 Ne6 29. Bb5 g6 30. Qd5 Qd6 31. Qb7+ 1-0

[Event "Dhaka Saarc op"]
[Site "Dhaka"]
[Date "2019.11.28"]
[Round "4"]
[White "Kanz, Ahmad Safy"]
[Black "Bappi, Ab"]
[Result "1-0"]
[WhiteElo "2001"]
[BlackElo "1827"]
[PlyCount "113"]
[EventDate "2019.11.25"]
[EventType "swiss"]
[EventRounds "9"]
[EventCountry "BAN"]
[SourceTitle "CBM 193 Extra"]
[Source "ChessBase"]
[SourceDate "2020.01.31"]
[SourceVersion "1"]
[SourceVersionDate "2020.01.31"]
[SourceQuality "1"]

1. d4 Nf6 2. Nf3 d5 3. c4 c6 4. g3 e6 5. Bg2 Bb4+ 6. Bd2 Bxd2+ 7. Nbxd2 Nbd7 8. 0-0 0-0 9. Qc2 Re8 10. Rfd1 b6 11. cxd5 cxd5 12. Qc6 Ba6 13. Kf1 Qb8 14. Rac1 Rc8 15. Qa4 Qb7 16. b4 Rxc1 17. Rxc1 Rc8 18. Rxc8+ Qxc8 19. Ne1 b5 20. Qa3 Nb6 21. Nd3 Nfd7 22. Nc5 Na4 23. Ndb3 Ndb6 24. e4 Nc4 25. Qc1 Bb7 26. Nxb7 Qxb7 27. exd5 exd5 28. Qg5 Qc8 29. Bxd5 Nc3 30. Bf3 a6 31. d5 h6 32. Qe7 Qf8 33. d6 Nxd6 34. Qe1 Nxa2 35. Qd2 Nc4 36. Qxa2 Qxb4 37. Kg2 a5 38. Nd4 Qc5 39. Nc6 a4 40. Qe2 Kf8 41. Qd3 g6 42. Qd8+ Kg7 43. Ne7 Nb6 44. Qg8+ Kf6 45. Nc6 h5 46. Qh8+ Ke6 47. Qe8+ Kf6 48. Nd8 Qc7 49. Qh8+ Ke7 50. Nc6+ Ke6 51. Qb2 f6 52. Nd4+ Kf7 53. Qxb5 f5 54. h4 Qd6 55. Nc6 Qc7 56. Ne5+ Kf6 57. Qxb6+ 1-0

[Event "Dhaka Saarc op"]
[Site "Dhaka"]
[Date "2019.11.26"]
[Round "2"]
[White "Kanz, Ahmad Safy"]
[Black "Mohammad Fahad, Rahman"]
[Result "0-1"]
[WhiteElo "2001"]
[BlackElo "2247"]
[PlyCount "106"]
[EventDate "2019.11.25"]
[EventType "swiss"]
[EventRounds "9"]
[EventCountry "BAN"]
[SourceTitle "CBM 193 Extra"]
[Source "ChessBase"]
[SourceDate "2020.01.31"]
[SourceVersion "1"]
[SourceVersionDate "2020.01.31"]
[SourceQuality "1"]

1. e4 c5 2. Nf3 a6 3. d4 cxd4 4. Nxd4 Nf6 5. Nc3 e5 6. Nf3 Bb4 7. Bc4 Qc7 8. Qd3 d6 9. Bd2 Nbd7 10. Nd5 Bxd2+ 11. Nxd2 Nxd5 12. Bxd5 Nc5 13. Qc3 0-0 14. Nf1 Bd7 15. Ne3 Rac8 16. 0-0 b5 17. b4 Na4 18. Qxc7 Rxc7 19. Rfd1 Nc3 20. Rd2 Rd8 21. f3 Be6 22. Bb3 Kf8 23. Nd1 Ke7 24. Kf2 Rdc8 25. Ke1 g6 26. Nxc3 Rxc3 27. Kd1 Bc4 28. Kc1 f5 29. exf5 gxf5 30. Kb2 Re3 31. Rad1 Rc6 32. Bxc4 bxc4 33. c3 Ke6 34. a4 Rb6 35. Kc2 h5 36. h3 h4 37. Rf2 d5 38. Rfd2 Rd6 39. Rb1 d4 40. cxd4 exd4 41. b5 Ra3 42. b6 d3+ 43. Kc1 Rd8 44. Rb4 Kd5 45. b7 Rb8 46. Rdb2 Kd4 47. Rb1 Kc3 48. Kd1 Ra2 49. Rb6 Rd2+ 50. Ke1 Rxg2 51. Kf1 Rh2 52. Kg1 Rc2 53. Rxa6 d2 0-1

[Event "Olympiad-43"]
[Site "Batumi"]
[Date "2018.10.04"]
[Round "10.4"]
[White "Kanz, Ahmad Safy"]
[Black "Hifad, Rachid"]
[Result "1-0"]
[WhiteElo "1826"]
[BlackElo "2174"]
[PlyCount "139"]
[EventDate "2018.09.24"]
[EventType "team-swiss"]
[EventRounds "11"]
[EventCountry "GEO"]
[SourceTitle "CBM 187"]
[Source "ChessBase"]
[SourceDate "2018.12.11"]
[SourceVersion "1"]
[SourceVersionDate "2018.12.11"]
[SourceQuality "1"]
[WhiteTeam "Afghanistan"]
[BlackTeam "Morocco"]
[WhiteTeamCountry "AFG"]
[BlackTeamCountry "MAR"]

1. e4 d6 2. d4 g6 3. Nc3 Bg7 4. Be3 c6 5. h3 b5 6. Bd3 Nd7 7. Nf3 a6 8. a4 b4 9. Nb1 Qc7 10. a5 c5 11. Nbd2 Ngf6 12. Qe2 cxd4 13. Bxd4 0-0 14. 0-0 e5 15. Be3 d5 16. exd5 Nxd5 17. Bc4 Bb7 18. Bb3 Nc5 19. Bxc5 Qxc5 20. Qc4 Qe7 21. Rfe1 Rfe8 22. Rad1 h6 23. Ne4 Rac8 24. Qf1 Red8 25. Rd2 Nf6 26. Rxd8+ Rxd8 27. Nxf6+ Bxf6 28. Qe2 e4 29. Nd2 Re8 30. Nc4 Kg7 31. Rd1 Rd8 32. Re1 Qc5 33. Nd2 Bd4 34. Nc4 f5 35. Rc1 Bd5 36. c3 bxc3 37. bxc3 Bf6 38. Qa2 Rb8 39. Nb6 Bxb3 40. Qxb3 Qxa5 41. Rd1 Rb7 42. Rd7+ Rxd7 43. Nxd7 Qxc3 44. Qe6 Qd4 45. g3 h5 46. h4 f4 47. Qe8 Qd6 48. gxf4 Qe7 49. Nxf6 Kxf6 50. Qc8 Qd6 51. Kg2 Kg7 52. Qb7+ Kf6 53. Qxe4 Qe6 54. Qd4+ Kf5 55. Kg3 Qb3+ 56. f3 Qe6 57. Qc3 Qe2 58. Qc8+ Qe6 59. Qf8+ Qf6 60. Qc8+ Qe6 61. Qc3 Qd6 62. Qc4 Kf6 63. Qc3+ Ke7 64. Qg7+ Kd8 65. Qa7 Qd3 66. Qb8+ Kd7 67. Qb6 Qd6 68. Qb7+ Ke6 69. Qe4+ Kf6 70. Qe8 1-0

[Event "Olympiad-43"]
[Site "Batumi"]
[Date "2018.10.02"]
[Round "8.4"]
[White "Otawa, Yuto"]
[Black "Kanz, Ahmad Safy"]
[Result "0-1"]
[WhiteElo "2161"]
[BlackElo "1826"]
[PlyCount "170"]
[EventDate "2018.09.24"]
[EventType "team-swiss"]
[EventRounds "11"]
[EventCountry "GEO"]
[SourceTitle "CBM 187"]
[Source "ChessBase"]
[SourceDate "2018.12.11"]
[SourceVersion "1"]
[SourceVersionDate "2018.12.11"]
[SourceQuality "1"]
[WhiteTeam "Japan"]
[BlackTeam "Afghanistan"]
[WhiteTeamCountry "JPN"]
[BlackTeamCountry "AFG"]

1. d4 Nf6 2. c4 g6 3. f3 Bg7 4. e4 d6 5. Nc3 0-0 6. Be3 Nc6 7. Nge2 a6 8. Qd2 Na5 9. Nc1 Nd7 10. b4 Nc6 11. Rb1 e5 12. d5 Nd4 13. N1e2 Nxe2 14. Bxe2 f5 15. h4 f4 16. Bf2 Nf6 17. Bd3 Nh5 18. Ne2 Bf6 19. Kd1 Bd7 20. Bc2 b6 21. Bb3 Kg7 22. Kc2 Qe7 23. Kb2 Rfb8 24. Rbg1 Kh8 25. a3 Bg7 26. Rc1 Qe8 27. g4 fxg3 28. Nxg3 Nf4 29. Be3 Qf7 30. Rc3 Rf8 31. c5 bxc5 32. bxc5 a5 33. c6 Bc8 34. Ka2 Ba6 35. Bc4 Bxc4+ 36. Rxc4 Rfb8 37. Rcc1 Rb5 38. Qc3 Rab8 39. Rh2 Nxd5 40. Qc4 Qxf3 41. exd5 Qxg3 42. Re2 Qf3 43. Ba7 Rb3 44. Bxb8 Rxa3+ 45. Kb1 Rb3+ 46. Rb2 Rxb2+ 47. Kxb2 e4+ 48. Ka2 Qf2+ 49. Qc2 Qd4 50. Qb3 a4 51. Qb5 Qd2+ 52. Kb1 a3 53. Qb3 a2+ 54. Qxa2 Qb4+ 55. Kc2 Qxb8 56. Rb1 Qf8 57. Qa7 Qf5 58. Rb8+ Bf8 59. Qe3 Kg7 60. Rb4 Qxd5 61. Qd4+ Qxd4 62. Rxd4 Kf7 63. Rxe4 Bg7 64. Kd3 Be5 65. Kc4 Ke6 66. Kb5 h6 67. Re1 g5 68. hxg5 hxg5 69. Ka6 d5 70. Kb5 Kd6 71. Rg1 Bf4 72. Re1 d4 73. Re8 Kd5 74. Rd8+ Ke4 75. Kc4 Be5 76. Rg8 Bf4 77. Rd8 g4 78. Rxd4+ Kf3 79. Rd3+ Kf2 80. Kd4 g3 81. Ra3 g2 82. Ra2+ Kf3 83. Ra3+ Kg4 84. Ra1 Bh2 85. Kd5 g1Q 0-1

[Event "Olympiad-43"]
[Site "Batumi"]
[Date "2018.09.28"]
[Round "5.66"]
[White "Kanz, Ahmad Safy"]
[Black "Gumpo, Thabo"]
[Result "0-1"]
[WhiteElo "1826"]
[BlackElo "2059"]
[PlyCount "108"]
[EventDate "2018.09.24"]
[EventType "team-swiss"]
[EventRounds "11"]
[EventCountry "GEO"]
[SourceTitle "CBM 187"]
[Source "ChessBase"]
[SourceDate "2018.12.11"]
[SourceVersion "1"]
[SourceVersionDate "2018.12.11"]
[SourceQuality "1"]
[WhiteTeam "Afghanistan"]
[BlackTeam "Botswana"]
[WhiteTeamCountry "AFG"]
[BlackTeamCountry "BOT"]

1. e4 e5 2. Nf3 d6 3. d4 exd4 4. Qxd4 Nc6 5. Bb5 Bd7 6. Bxc6 Bxc6 7. Nc3 Qf6 8. Qd3 h6 9. Be3 Ne7 10. 0-0-0 a6 11. h4 Ng6 12. Nd4 Ne5 13. Qe2 Bd7 14. f4 Ng4 15. Nd5 Qd8 16. Nf5 Nxe3 17. Qxe3 Be6 18. Qc3 Bxd5 19. Rxd5 Qd7 20. Rhd1 Rg8 21. g4 Qc6 22. Qd3 0-0-0 23. Nd4 Qa4 24. Nb3 Re8 25. Rd4 Qd7 26. Qf3 Qe7 27. Na5 Qd7 28. e5 Qb5 29. Rd5 Qb6 30. Nc4 Qc6 31. Na5 Qb6 32. exd6 Bxd6 33. Nc4 Qc6 34. Nxd6+ cxd6 35. Qd3 Rd8 36. Qf5+ Qd7 37. Rxd6 Qxf5 38. Rxd8+ Rxd8 39. Rxd8+ Kxd8 40. gxf5 Ke7 41. Kd2 Kf6 42. Ke3 Kxf5 43. Kf3 h5 44. a4 f6 45. a5 g5 46. fxg5 fxg5 47. hxg5 Kxg5 48. c4 Kf5 49. b4 Ke5 50. Ke3 h4 51. b5 Kd6 52. Kf4 Kc5 53. Kg4 axb5 54. cxb5 Kxb5 0-1